[Event "Llinars del Valles op-B 9th"]
[Site "Llinars del Valles"]
[Date "2015.06.13"]
[Round "9"]
[White "Rovirosa Illa, Jan"]
[Black "Ovejero Torres, Laura"]
[Result "0-1"]
[WhiteElo "1829"]
[BlackElo "1799"]
[PlyCount "46"]
[EventDate "2015.04.11"]
[EventType "swiss"]
[EventRounds "9"]
[EventCountry "ESP"]
[SourceTitle "EXT 2018"]
[Source "ChessBase"]
[SourceDate "2017.10.13"]
[SourceVersion "1"]
[SourceVersionDate "2017.10.13"]
[SourceQuality "1"]

1. e4 c5 2. d4 cxd4 3. c3 dxc3 4. Nxc3 Nc6 5. Nf3 d6 6. Bc4 e6 7. e5 a6 8. Ne4 Nxe5 9. Nxe5 Qa5+ 10. Bd2 Qxe5 11. Bd3 d5 12. Bc3 Qc7 13. 0-0 dxe4 14. Qa4+ Bd7 15. Qxe4 Bc6 16. Qg4 Nh6 17. Qg5 Qd8 18. Qg3 Qd6 19. Qxd6 Bxd6 20. Bxg7 Rg8 21. Bxh6 Rxg2+ 22. Kh1 Rxh2+ 23. Kg1 Rh1# 0-1